Contemporary mathematics in context : a unified approach. Course 3. Part B /

保存先:
書誌詳細
第一著者: Không rõ
フォーマット: 図書
言語:Vietnamese
出版事項: EverydayLearning 1999
タグ: タグ追加
タグなし, このレコードへの初めてのタグを付けませんか!
Thư viện lưu trữ: Mạng thư viện Đại học Đà Nẵng
LEADER 00669nam a2200265 4500
001 000027166
003 CO-M
005 20150403120000.0
008 150403s vm 000 vie
020 |c 0,0000 
040 |a notts 
100 |a Không rõ 
245 |a Contemporary mathematics in context : a unified approach. Course 3. Part B /  |c Arthur F. Coxford .. [et al.]. 
260 |b EverydayLearning  |c 1999 
OWN |a LTT 
999 |a From the UDN01 
TYP |a Monograph 
TYP |a Printed language 
980 |a Mạng thư viện Đại học Đà Nẵng